Language Quiz

Random Language or Letter Quiz

3 Words, Same 6 Letters Quiz Stats

Quiz Updated Oct 9, 2014

Challenge
Share
Tweet
Embed
Score 0/50 Timer 08:00
1 Play Today
% Correct
looped
90.8%
caller
84.7%
detail
81.1%
loader
77%
remote
75.8%
partly
72.2%
melons
62.4%
stifle
57.8%
rusted
56.1%
shares
52.1%
skated
50.7%
stares
50.6%
please
49.7%
thread
48.7%
barely
44.6%
shears
37.7%
stride
36.1%
filter
35.6%
writhe
33%
rested
32.5%
ravine
30.4%
rebate
29.7%
poodle
29.5%
staked
27.6%
berate
26.1%
% Correct
remain
26%
whiter
25.8%
teased
20.7%
lifter
20.1%
seated
19.7%
neared
19.3%
cellar
18.8%
marine
16.6%
meteor
13.9%
asleep
13.5%
solemn
13.5%
naïver
12.8%
antler
11.1%
desert
9.9%
paltry
8.6%
bleary
8.3%
driest
8.1%
rental
7.9%
assert
7.7%
dilate
7.2%
earned
6.6%
hatred
6.2%
rudest
5.6%
ordeal
4.8%
itself
2.3%

You're not logged in!

Compare scores with friends on all Sporcle quizzes.
Sign Up with Email
OR
Log In

You Might Also Like...

Show Comments

Extras

Top Quizzes Today


Score Distribution

Your Account Isn't Verified!

In order to create a playlist on Sporcle, you need to verify the email address you used during registration. Go to your Sporcle Settings to finish the process.